LIBRARY & INFORMATION CENTRE, KCAET, TAVANUR

ONLINE PUBLIC ACCESS CATALOGUE (OPAC)

Krishnagatha / (Record no. 7230)

MARC details
000 -LEADER
fixed length control field 00325cam a2200133ua 4500
041 ## - LANGUAGE CODE
Language code of text/sound track or separate title mal
082 ## - DEWEY DECIMAL CLASSIFICATION NUMBER
Classification number 894.8121
Item number RAJ/KR
100 ## - MAIN ENTRY--AUTHOR NAME
Personal name Raja Raja Varma, Vadakkumkoor .
245 ## - TITLE STATEMENT
Title Krishnagatha /
300 ## - PHYSICAL DESCRIPTION
Number of Pages 37 ; .
942 ## - ADDED ENTRY ELEMENTS (KOHA)
Koha item type Books
Holdings
Withdrawn status Lost status Damaged status Home library Current library Date acquired Full call number Accession Number Koha item type Public note
Withdrawn     KAUAET KAUAET 07/04/2012 894.8121 9070 Books Deleted
free website counter